Mecánica vectorial para ingenieros

Furkejuvvon:
Bibliográfalaš dieđut
Váldodahkkit: Beer, Ferdinand Pierre (Dahkki), Johnston, Ellwood Russell (Dahkki)
Materiálatiipa: Girji
Giella:espánnjágiella
Almmustuhtton: Ciudad de México, México. McGraw Hill, 1998
Preanttus:Sexta edición
Fáttát:
Liŋkkat:Disponible Online v.2
Fáddágilkorat: Lasit fáddágilkoriid
Eai fáddágilkorat, Lasit vuosttaš fáddágilkora!

MARC

LEADER 00000nam a2200000 a 4500
001 UCP6016
003 CL-VaPUC
005 20250227102404.0
008 991008e19980000MX |||||||||||||||||spa|d
999 |c 283650  |d 283648 
020 |a 9701019512 
040 |c Pontificia Universidad Católica de Valparaíso 
082 0 4 |a 620.1 BEE 1998  |2 21 
100 0 |a Beer, Ferdinand Pierre  |e author  |9 434781 
245 1 0 |a Mecánica vectorial para ingenieros 
250 |a Sexta edición  
260 |a Ciudad de México, México.  |b McGraw Hill,  |c 1998 
300 |a volumen 2 
500 |a Incluye 3 diskettes 
505 |a v.1: Estática v.2: Dinámica 
583 |a last modification  |c 20160105 12:27:02  |k Rodrigo Vera 
650 0 |a Cinemática  |9 260942 
650 0 |a Dinámica  |9 260136 
650 0 |a Cinética  |9 260943 
650 0 |a Vibraciones mecánicas  |9 369356 
650 0 |a Cuerpos rígidos  |2 CL-VaPUC  |9 434783 
650 0 |a Movimiento  |9 322237 
650 0 |a Aceleración  |9 348443 
650 0 |a Fuerza  |9 345825 
700 0 |a Johnston, Ellwood Russell  |e author  |9 434782 
856 |u http://bibliografiadigital.pucv.cl/index.php/bibliotecapucv/catalog/book/708  |y Disponible Online v.2  
942 |c BK  |2 ddc 
945 |d 19991008 00:00:00  |a rbrito 
952 |0 0  |1 0  |4 0  |6 620_100000000000000_BEE_1998  |7 0  |8 R  |9 326952  |a BIBMEC  |b BIBMEC  |d 2019-11-20  |h v.2  |i 3567508  |o 620.1 BEE 1998  |p 3567508  |r 2019-11-20  |w 2019-11-20  |y BK_R  |k MEC 
952 |0 0  |1 0  |4 0  |6 620_100000000000000_BEE_1998  |7 0  |8 R  |9 326953  |a BIBMEC  |b BIBMEC  |d 2019-11-20  |h v.2  |i 3725375  |o 620.1 BEE 1998  |p 3725375  |r 2024-01-19  |w 2019-11-20  |y BK_R  |k MEC 
952 |0 0  |1 0  |4 0  |6 620_100000000000000_BEE_1998  |7 0  |8 R  |9 326954  |a BIBMEC  |b BIBMEC  |d 2019-11-20  |h v.2  |i 3725383  |l 1  |o 620.1 BEE 1998  |p 3725383  |r 2024-01-19  |s 2021-10-25  |w 2019-11-20  |y BK_R  |k MEC 
952 |0 0  |1 0  |4 0  |6 620_100000000000000_BEE_1998  |7 0  |8 CCM  |9 326955  |a BIBCUR  |b BIBCUR  |d 2019-11-20  |h v.2  |i 3734161  |o 620.1 BEE 1998  |p 3734161  |r 2025-04-22  |w 2019-11-20  |y BK_R  |k CIM 
952 |0 0  |1 0  |4 0  |6 620_100000000000000_BEE_1998  |7 0  |8 A  |9 326956  |a BIBCUR  |b BIBCUR  |d 2019-11-20  |h v.2  |i 3734323  |o 620.1 BEE 1998  |p 3734323  |r 2025-04-22  |w 2019-11-20  |y BK  |k FIS 
952 |0 0  |1 0  |4 0  |6 620_100000000000000_BEE_1998  |7 0  |8 A  |9 326957  |a BIBCUR  |b BIBCUR  |d 2019-11-20  |h v.2  |i 3734331  |o 620.1 BEE 1998  |p 3734331  |r 2025-04-22  |w 2019-11-20  |y BK  |k FIS 
952 |0 0  |1 0  |4 0  |6 620_100000000000000_BEE_1998  |7 0  |8 R  |9 326958  |a BIBMEC  |b BIBMEC  |d 2019-11-20  |h v.2  |i 3734641  |o 620.1 BEE 1998  |p 3734641  |r 2024-01-19  |w 2019-11-20  |y BK_R  |k MEC 
952 |0 0  |1 0  |2 ddc  |4 0  |6 620_100000000000000_BEE_1998  |7 0  |8 A  |9 326959  |a BIBING  |b BIBING  |c RES  |d 2019-11-20  |h v.2  |i 3854124  |l 1  |o 620.1 BEE 1998  |p 3854124  |r 2025-01-20  |s 2024-11-14  |w 2019-11-20  |y BK  |k CCL 
952 |0 0  |1 0  |2 ddc  |4 0  |6 620_100000000000000_BEE_1998  |7 0  |8 A  |9 326960  |a BIBING  |b BIBING  |c RES  |d 2019-11-20  |h v.2  |i 3854132  |o 620.1 BEE 1998  |p 3854132  |r 2025-01-20  |w 2019-11-20  |y BK  |k CCL 
952 |0 0  |1 0  |2 ddc  |4 0  |6 620_100000000000000_BEE_1998  |7 0  |8 A  |9 326961  |a BIBING  |b BIBING  |c RES  |d 2019-11-20  |h v.2  |i 3856038  |o 620.1 BEE 1998  |p 3856038  |r 2025-01-20  |w 2019-11-20  |y BK  |k CCL 
952 |0 0  |1 0  |2 ddc  |4 0  |6 620_100000000000000_BEE_1998  |7 0  |8 A  |9 326962  |a BIBING  |b BIBING  |c RES  |d 2019-11-20  |h v.2  |i 3856046  |o 620.1 BEE 1998  |p 3856046  |r 2025-01-20  |w 2019-11-20  |y BK  |k CCL 
952 |0 0  |1 0  |2 ddc  |4 0  |6 620_100000000000000_BEE_1998  |7 0  |8 A  |9 326963  |a BIBING  |b BIBING  |c RES  |d 2019-11-20  |h v.2  |i 3856054  |o 620.1 BEE 1998  |p 3856054  |r 2025-01-20  |w 2019-11-20  |y BK  |k CCL 
952 |0 0  |1 0  |2 ddc  |4 0  |6 620_100000000000000_BEE_1998  |7 0  |8 A  |9 326964  |a BIBING  |b BIBING  |c RES  |d 2019-11-20  |h v.2  |i 3975223  |o 620.1 BEE 1998  |p 3975223  |r 2025-01-20  |w 2019-11-20  |y BK  |k EIQ 
952 |0 0  |1 0  |2 ddc  |4 0  |6 620_100000000000000_BEE_1998  |7 0  |8 A  |9 326965  |a BIBING  |b BIBING  |c RES  |d 2019-11-20  |h v.2  |i 3998142  |o 620.1 BEE 1998  |p 3998142  |r 2025-01-20  |w 2019-11-20  |y BK  |k TRA 
952 |0 0  |1 0  |2 ddc  |4 0  |6 620_100000000000000_BEE_1998  |7 0  |8 A  |9 326966  |a BIBING  |b BIBING  |d 2019-11-20  |h v.2  |i 3998150  |o 620.1 BEE 1998  |p 3998150  |r 2025-01-20  |w 2019-11-20  |y BK  |k TRA 
952 |0 0  |1 0  |2 ddc  |4 0  |6 620_100000000000000_BEE_1998  |7 0  |8 A  |9 326967  |a BIBING  |b BIBING  |c RES  |d 2019-11-20  |h v.2  |i 3998169  |o 620.1 BEE 1998  |p 3998169  |r 2025-01-20  |w 2019-11-20  |y BK  |k TRA 
952 |0 0  |1 0  |2 ddc  |4 0  |6 620_100000000000000_BEE_1998  |7 0  |8 A  |9 326968  |a BIBING  |b BIBING  |c RES  |d 2019-11-20  |h v.2  |i 3998177  |l 2  |o 620.1 BEE 1998  |p 3998177  |r 2025-01-20  |s 2020-03-18  |w 2019-11-20  |y BK  |k TRA 
952 |0 0  |1 0  |2 ddc  |4 0  |6 620_100000000000000_BEE_1998  |7 0  |8 A  |9 326969  |a BIBING  |b BIBING  |c RES  |d 2019-11-20  |h v.2  |i 3998185  |o 620.1 BEE 1998  |p 3998185  |r 2025-01-20  |w 2019-11-20  |y BK  |k TRA 
952 |0 0  |1 0  |2 ddc  |4 0  |6 620_100000000000000_BEE_1998  |7 0  |8 A  |9 326970  |a BIBING  |b BIBING  |c RES  |d 2019-11-20  |h v.2  |i 4051815  |o 620.1 BEE 1998  |p 4051815  |r 2025-01-20  |w 2019-11-20  |y BK  |k TRA 
952 |0 0  |1 0  |2 ddc  |4 0  |6 620_100000000000000_BEE_1998  |7 0  |8 A  |9 326971  |a BIBING  |b BIBING  |c RES  |d 2019-11-20  |h v.2  |i 4051823  |o 620.1 BEE 1998  |p 4051823  |r 2025-01-20  |w 2019-11-20  |y BK  |k TRA 
952 |0 0  |1 0  |2 ddc  |4 0  |6 620_100000000000000_BEE_1998  |7 0  |8 A  |9 326972  |a BIBING  |b BIBING  |c RES  |d 2019-11-20  |h v.2  |i 4293460  |o 620.1 BEE 1998  |p 4293460  |r 2025-01-20  |w 2019-11-20  |y BK  |k CIC 
952 |0 0  |1 0  |4 0  |6 620_100000000000000_BEE_1998  |7 0  |8 A  |9 326973  |a BIBCUR  |b BIBCUR  |d 2019-11-20  |i 4309251  |o 620.1 BEE 1998  |p 4309251  |r 2025-04-22  |w 2019-11-20  |y BK  |k FIS 
952 |0 0  |1 0  |2 ddc  |4 0  |6 620_100000000000000_BEE_1998  |7 0  |8 A  |9 326974  |a BIBING  |b BIBING  |c RES  |d 2019-11-20  |h v.2  |i 4320824  |o 620.1 BEE 1998  |p 4320824  |r 2025-01-20  |w 2019-11-20  |y BK  |k CIC